Theodore Benzmiller
Boston College A
Categories
Pop Culture | 1 | 1 | 0 | 0 | 25 | 63 | 104.50 | 2 | 2 |
Mythology | 0 | 3 | 1 | 0 | 25 | 90 | 117.67 | 1 | 3 |
Science - Physics | 0 | 2 | 0 | 1 | 20 | 97 | 114.50 | 0 | 2 |
Social Science | 0 | 2 | 1 | 1 | 15 | 122 | 122.00 | 1 | 2 |
History - American History | 0 | 2 | 1 | 0 | 15 | 96 | 102.50 | 0 | 2 |
Fine Arts - Auditory Fine Arts | 1 | 0 | 0 | 0 | 15 | 44 | 44.00 | 0 | 1 |
Literature - European Literature | 0 | 1 | 0 | 0 | 10 | 142 | 142.00 | 0 | 1 |
History - Other History | 0 | 1 | 0 | 0 | 10 | 111 | 111.00 | 0 | 1 |
Science - Biology | 0 | 1 | 0 | 0 | 10 | 91 | 91.00 | 0 | 1 |
Literature - World Literature | 0 | 1 | 0 | 0 | 10 | 137 | 137.00 | 0 | 1 |
Science - Chemistry | 0 | 0 | 0 | 0 | 0 | 0.00 | 0 | 0 | |
History - European History | 0 | 0 | 1 | 0 | -5 | 0.00 | 0 | 0 |